Who's the Actor? #3 - Statistics

General Stats
  • This quiz has been taken 23 times
  • The average score is 14 of 30
Answer Stats
Hint Answer % Correct
Burn After Reading - Mr & Mrs Smith - Fury Brad Pitt
85%
Identity Thief - Spy - Bridesmaids Melissa McCarthy
85%
The Brothers Grimm - The Adjustment Bureau - The Martian Matt Damon
69%
Creed - Black Panther - Without Remorse Michael B Jordan
69%
Trolls - Pitch Perfect - Twilight Anna Kendrick
62%
The Accountant - The Town - Triple Frontier Ben Affleck
62%
127 Hours - Spring Breakers - Homefront James Franco
62%
Reign Of Fire - Fool's Gold - Dallas Buyers Club Matthew McConaughey
62%
Crazy Stupid Love - The Nice Guys - Fracture Ryan Gosling
62%
Salt - 12 Years A Slave - Triple 9 Chiwetel Ejiofor
54%
Kidnap - Catwoman - Moonfall Halle Berry
54%
True Lies - Collateral Damage - Escape Plan Arnold Schwarzenegger
46%
Mickey Blue Eyes - About A Boy - Music And Lyrics Hugh Grant
46%
Road Trip - Evolution - Role Models Seann William Scott
46%
The Break-Up - Delivery Man - Freaky Vince Vaughan
46%
Journey To The Center Of The Earth - Inkheart - G.I. Joe: The Rise Of Cobra Brendan Fraser
38%
Alice In Wonderland - The Lone Ranger - Cinderella Helena Bonham Carter
38%
Conan The Barbarian - Aquaman - Fast X Jason Momoa
38%
Swordfish - From Paris With Love - The Taking Of Pelham 1 2 3 John Travolta
38%
Dante's Peak - Mrs Doubtfire - Black Adam Pierce Brosnan
38%
The Impossible - Uncharted - In The Heart Of The Sea Tom Holland
38%
Kick-Ass - Godzilla - Kraven The Hunter Aaron Taylor-Johnson
31%
Grown Ups - Death At A Funeral - The Longest Yard Chris Rock
31%
Tinker Tailor Soldier Spy - Red Riding Hood - Child 44 Gary Oldman
31%
Source Code - The Day After Tomorrow - Spider-Man: Far From Home Jake Gyllenhaal
31%
You Again - Couples Retreat - When In Rome Kristen Bell
31%
Cold Mountain - Down With Love - Judy Renee Zellweger
31%
Enemy At The Gates - King Arthur: Legend Of The Sword - Black Sea Jude Law
23%
Dark Shadows - Hairspray - Stardust Michelle Pfieffer
23%
RoboCop - The Informer - The Suicide Squad Joel Kinnaman
15%
No matching quizzes found
Score Distribution
Percent of People with Each Score
Percentile by Number Answered
Your Score History
You have not taken this quiz